Voyage en Russie / (Record no. 68634)

MARC details
000 -LEADER
campo de control de longitud fija 00545nam a22001815i 4500
001 - NÚMERO DE CONTROL
campo de control 68634
003 - IDENTIFICADOR DE NÚMERO DE CONTROL
campo de control ES-MaACL
005 - FECHA Y HORA DE LA ÚLTIMA TRANSACCIÓN
campo de control 20250805064135.0
007 - CAMPO FIJO DE DESCRIPCIÓN FÍSICA--INFORMACIÓN GENERAL
campo de control de longitud fija t|
008 - DATOS DE LONGITUD FIJA--INFORMACIÓN GENERAL
campo de control de longitud fija 960812q1895 fr ||||1| fre d
100 1# - ENTRADA PRINCIPAL--NOMBRE DE PERSONA
Nombre de persona Gautier, Théophile,
Fechas asociadas al nombre 1811-1872
9 (RLIN) 170960
245 10 - MENCIÓN DEL TÍTULO
Título Voyage en Russie /
Mención de responsabilidad, etc. Théophile Gautier.
260 ## - PUBLICACIÓN, DISTRIBUCIÓN, ETC.
Lugar de publicación, distribución, etc. Paris :
Nombre del editor, distribuidor, etc. G. Charpentier,
Fecha de publicación, distribución, etc. [1895?] (
Fabricante Imp. E. Capiomont et V. Renault)
300 ## - DESCRIPCIÓN FÍSICA
Extensión 417 p. ;
Dimensiones 18 cm.
651 #4 - PUNTO DE ACCESO ADICIONAL DE MATERIA--NOMBRE GEOGRÁFICO
Nombre geográfico Rusia-
Subdivisión general Descripción.
9 (RLIN) 9329
852 ## - LOCALIZACIÓN
Ubicación ES-MaACL
Número de control de estantería G-14466
Holdings
Estatus retirado Estado de pérdida Estado de daño No para préstamo Colección Biblioteca de origen Biblioteca actual Ubicación en estantería Fecha de adquisición Fuente de adquisición Total de préstamos Signatura topográfica completa Código de barras Visto por última vez Precio de reemplazo Tipo de ítem Koha
        Libros del s. XIX Biblioteca del Ateneo de Madrid Biblioteca del Ateneo de Madrid Sala Pecera Planta 3 17/01/2008     G-14466 1071855 23/02/2023 23/02/2023 Libro impreso antiguo